Statistics for Top 10 Airlines in world by passengers carried

Click here to take the quiz!

General Stats

  • This quiz has been taken 65 times
  • The average score is 7 of 10

Answer Stats

PassengersAnswer% Correct
138 millDelta
90%
95 millUnited
90%
146 millAmerican
88%
101 millRyanair
78%
144 millSouthwest
67%
58 millAir China
65%
70 millEasyjet
61%
109 millChina Southern
57%
75 millChina Eastern
51%
60 millTurkish
49%

Score Distribution

Percentile by Number Answered

Percent of People with Each Score

Your Score History

You have not taken this quiz